Externe Kosten vin Rechtsvorschriften Möglichkeiten und Grenzen der ökonomischen Gesetzesanalyse

Gespeichert in:
Bibliographische Detailangaben
1. Verfasser: Dicke, Hugo
Weitere Verfasser: Hartung, Hans
Format: Buch
Sprache:Deutsch
Veröffentlicht: Tübingen Mohr 1986
Ausgabe:1. Aufl.
Tags: Tag hinzufügen
Keine Tags, Fügen Sie das erste Tag hinzu!

MARC

LEADER 00000nam a2200000 4500
001 c039552
005 20250513074402.3
041 0 |a ger 
044 |a DE 
245 1 0 |a Externe Kosten vin Rechtsvorschriften Möglichkeiten und Grenzen der ökonomischen Gesetzesanalyse  |c Hugo Dicke, Hans Hartung 
250 |a 1. Aufl. 
264 1 |a Tübingen  |b Mohr  |c 1986 
300 |a 123 s. 
100 1 |a Dicke, Hugo 
700 1 |a Hartung, Hans